|
|
|
|
| LEADER |
00000cam a2200000 7i4500 |
| 001 |
0000001233 |
| 005 |
20140321.0 |
| 020 |
0 |
0 |
|a 9251042136
|
| 090 |
0 |
0 |
|a FAO338.1749740913
|b JOH 1997
|
| 100 |
1 |
0 |
|a JOHNSON
|h Dennis Victor
|c 1937-
|
| 245 |
1 |
0 |
|a Non-wood forest products :
|b Tropical palms
|c Dennis V. Johnson
|
| 260 |
0 |
0 |
|a Rome :
|b Food and Agriculture Organization of the United Nations ,
|c 1998
|
| 300 |
|
|
|a viii, 166 p. :
|b ill. (some col.) ;
|c 30 cm.
|
| 440 |
0 |
0 |
|a RAP publication 1997/10; Non-wood forest products, 10
|
| 500 |
0 |
0 |
|
| 650 |
0 |
0 |
|a Non-timber forest products
|z Tropics
|
| 650 |
0 |
0 |
|a Non-timber forest resources
|z Tropics
|
| 650 |
0 |
0 |
|a Palms
|z Tropics
|
| 710 |
1 |
1 |
|a Food and Agriculture Organization of the United Nations (FAO)
|
| 998 |
|
|
|a JPSM
|
| 999 |
|
|
|a 0000002153
|b Monograph
|c Food and Agriculture Organization
|e Default branch
|